000 00208nam a2200085Ia 4500
008 170620s9999 xx 000 0 und d
100 _aSharma- Janki
245 0 _aCounselling and Parenting Skill
260 _bMumbai- Jaico
260 _c2008
999 _c25680
_d25680